000 00266nam a22001217a 4500
008 170713b xxu||||| |||| 00| 0 eng d
041 _aeng
080 _a030
100 _a23
101 _aENC
245 _aTHE WISE GARDEN ENCYCLOPEDIA
_cART, P.B
942 _2udc
_cBK
999 _c20445
_d20445